| 000 | 00301nam a2200133 i 4500 | ||
|---|---|---|---|
| 001 | bg | ||
| 245 | 0 |
_aDroga ku zdrowiu / _cpod red. Jerzego Sołtysiaka. |
|
| 260 |
_aWarszawa, _c1983. |
||
| 040 | _cBPK | ||
| 041 | _apol | ||
| 080 | _a613 | ||
| 942 | _cKS | ||
| 008 | s pl f |000 0 pol | ||
| 999 |
_c21972 _d21972 |
||
| 856 |
_uhttp://koha.tu.koszalin.pl/cgi-bin/koha/opac-detail.pl?biblionumber=21972 _yKatalog online BPK |
||